Music Quiz

Random Music or Rock Quiz
Score 0/31 Timer 12:00
0 Plays Today
% Correct
The Beatles (George Harrison)
99.1%
Guns N' Roses (Slash)
97.2%
AC⁄DC (Angus Young)
94.9%
Nirvana (Kurt Cobain)
94.9%
Kiss (Paul Stanley)
94.3%
ZZ Top (Billy Gibbons)
92.9%
Aerosmith (Joe Perry)
90.4%
Jimi Hendrix Experience (Jimi Hendrix)
89.8%
The Rolling Stones (Keith Richards)
86.2%
Led Zeppelin (Jimmy Page)
86%
Ramones (Johnny Ramone)
85.6%
The Who (Pete Townshend)
84.5%
U2 (The Edge)
81.7%
Van Halen (Eddie van Halen)
80%
Heart (Nancy Wilson)
76.9%
Queen (Brian May)
76.4%
% Correct
Black Sabbath (Tony Iommi)
74.2%
Grateful Dead (Jerry Garcia)
68%
Rush (Alex Lifeson)
66.5%
Velvet Underground (Lou Reed)
59.6%
Creedence Clearwater Revival (John Fogerty)
55.3%
The Allman Brothers Band (Duane Allman)
53.9%
The Crickets (Buddy Holly)
53%
Pink Floyd (David Gilmour)
49.2%
The Clash (Joe Strummer)
45.3%
Eagles (Joe Walsh)
45%
Buffalo Springfield (Neil Young)
44.4%
Cream (Eric Clapton)
36.3%
The Beach Boys (Carl Wilson)
36%
The Doors (Robby Krieger)
35.4%
Yardbirds (Jeff Beck)
26.6%
Remove Ads.
Support Sporcle.
Get the best of Sporcle when you Go Orange. This ad-free experience offers more features, more stats, and more fun while also helping to support Sporcle. Thank you for becoming a member.

You're not logged in!

Compare scores with friends on all Sporcle quizzes.
OR
Log In

Show Comments

Extras

Created May 12, 2015ReportNominate
Tags:Rock Quiz, guitarist, lead, Slideshow

Top Quizzes Today


Score Distribution

Your Account Isn't Verified!

In order to create a playlist on Sporcle, you need to verify the email address you used during registration. Go to your Sporcle Settings to finish the process.

Report this User

Report this user for behavior that violates our Community Guidelines.

Details: